Sổ tay công nghệ chế tạo máy; T1

Salvato in:
Dettagli Bibliografici
Autore principale: Nguyễn, Đắc Lộc
Natura: Libro
Lingua:Undetermined
Pubblicazione: Hà Nội Khoa học và Kỹ thuật 1999
Soggetti:
Tags: Aggiungi Tag
Nessun Tag, puoi essere il primo ad aggiungerne! !
Thư viện lưu trữ: Trung tâm Học liệu Trường Đại học Cần Thơ
LEADER 00724nam a2200217Ia 4500
001 CTU_37490
008 210402s9999 xx 000 0 und d
020 |c 45000 
082 |a 621.8 
082 |b L451/T.1 
100 |a Nguyễn, Đắc Lộc 
245 0 |a Sổ tay công nghệ chế tạo máy; T1 
245 0 |c Nguyễn Đắc Lộc (Ch.b.) 
260 |a Hà Nội 
260 |b Khoa học và Kỹ thuật 
260 |c 1999 
526 |a Công nghệ và thiết bị tạo phôi 
526 |b CN390 
650 |a machine design,machine parts,mechanical engineering - handbooks, manuals, etc 
904 |i Minh, 000731 
980 |a Trung tâm Học liệu Trường Đại học Cần Thơ